000
00306nam a2200109Ia 4500
008
190216s9999||||xx |||||||||||||| ||und||
100
_a
Richard M Lynch&Amp;Robert W Williamson
245
0
_a
Accounting For Management
260
_b
Tata Mcgraw Hill Publishing Company Ltd
_c
1975
300
_a
440p
942
_c
BK
999
_c
4587
_d
4587